| 000 | 00418cam a2200169ua 4500 | ||
|---|---|---|---|
| 020 | _c27.75 | ||
| 041 |
_aeng _h |
||
| 082 |
_a589.2 _bCOC/PH |
||
| 100 | _aCochrane, Vincent.W . | ||
| 245 |
_aPhysiology of fungi / _cW.Vincent Cochrane. _hTextual Documents |
||
| 260 |
_aNew York : _bJohn Wiley & Sons , _c1958. |
||
| 300 | _a523 ; . | ||
| 365 | _a27.75 | ||
| 504 | _a | ||
| 942 | _cBK | ||
| 999 |
_c1811 _d1811 |
||